000 00649nam a22001577a 4500
005 20260406114031.0
008 260406b |||||||| |||| 00| 0 eng d
082 _22023
_aUT
100 _aLiwanan, Roselyn B.
_970426
245 _aKahusayan ng mga mag-aaral sa paggamit ng wikang Filipino sa pang-akademikong pakikipagtalastasan /
_cRoselyn B. Liwanan, Kryzzle Marie I. Ranque, Lyca Jhen Daine S. Nieva
260 _aDigos City :
_bUMDC,
_c©Oktubre 2023.
300 _aviii, 39 pages :
_billustrations (some colors) ;
_c29 Cm.
500 _aIncludes references and appendices.
650 0 _aEducation
_xUndergraduate thesis.
_970428
942 _2ddc
_cUT
999 _c24556
_d24556